000 00233nam a2200097Ia 4500
001 797853
005 20250826170815.0
008 250824s9999 xx 000 0 und d
245 0 _aHEYET
_cHALİL YAŞAR KOLLU
260 _bLOPUS YAYINLARI
999 _c797853
_d797853